{"text_format":"2","workbook":"xlsx","n_sheets":2,"sheets":["intrastat","Sheet"],"not_rendered":{"charts":0,"images":0,"macros":0,"external_links":0,"defined_names":1,"comments":0,"pivot_tables":0},"unopened":[],"bounds":{"document_bytes":16777216,"sheet_cells":100000,"run_cost":"one","rows_first":2000,"rows_last":500,"rows_between":2000,"halvings":0,"cell_chars":16384,"cell_head_chars":4096},"cells_cut":0,"cells_raw":0,"read":"whole","date_system":"1900"}

{"sheet":"intrastat","index":0,"n_rows":73,"n_cols":25,"rows_kept":73,"cut":false,"hidden":false,"merged":[]}
["DATA","FURNIZOR","CF","CountryOfOrigin","EXP","DeliveryTermsCode","ACode","Bcode","TransportCode","INVNR","VSCODE","NAME","GROUP","UM","Q","PRICE","NETWEIGHT","NETVALUE","SUPPL","SUPPLVALUE","Ppacking","Spacking","Paper","Plastic","Wooden"]
["2023-08-07","ATLAS DIGITAL SA","EL094154295","JP","GR","EXW",1,1.1000000000000001,3,null,"32151100","ROLAND D-UA INK BK, 500cc",null,"Buc",2,240.96,{"$f":"0.94*2","v":1.88},481.92,2,{"$f":"303*0.1","v":30.3}]
["2023-08-07","ATLAS DIGITAL SA","EL094154295","JP","GR","EXW",1,1.1000000000000001,3,null,"32151900","ROLAND MAX2 ESL4-440 MG",null,"Buc",2,396.58,1.24,793.16,2]
["2023-08-07","ATLAS DIGITAL SA","EL094154295","JP","GR","EXW",1,1.1000000000000001,3,null,"32151900","ROLAND TE2 INK CY 750cc",null,"Buc",5,286.14,8.5500000000000007,1430.7,2]
["2023-08-07","ATLAS DIGITAL SA","EL094154295","JP","GR","EXW",1,1.1000000000000001,3,null,"32151900","ROLAND UV PRIMER METAL CMR-790 (1000 ml)",null,"Buc",1,115.46,0.68,115.46,2]
["2023-08-07","ATLAS DIGITAL SA","EL094154295","JP","GR","EXW",1,1.1000000000000001,3,null,"32151900","ROLAND EUV5 INK WH 220cc",null,"Buc",6,230.92,2.82,1385.52,2]
["2023-08-07","ATLAS DIGITAL SA","EL094154295","JP","GR","EXW",1,1.1000000000000001,3,null,"32151900","ROLAND D-UA INK CY, 500cc",null,"Buc",2,240.96,0.94,481.92,2]
["2023-08-07","ATLAS DIGITAL SA","EL094154295","JP","GR","EXW",1,1.1000000000000001,3,null,"32151900","ROLAND D-UA INK MG, 500cc",null,"Buc",2,240.96,0.94,481.92,2]
["2023-08-07","ATLAS DIGITAL SA","EL094154295","JP","GR","EXW",1,1.1000000000000001,3,null,"32151900","ROLAND D-UA INK YE, 500cc",null,"Buc",2,240.96,0.94,481.92,2]
["2023-08-07","ATLAS DIGITAL SA","EL094154295","JP","GR","EXW",1,1.1000000000000001,3,null,"32151900","ROLAND D-UA INK GL, 500cc",null,"Buc",2,240.96,0.94,481.92,2]
["2023-08-07","ATLAS DIGITAL SA","EL094154295","JP","GR","EXW",1,1.1000000000000001,3,null,"32151900","ROLAND D-UA INK WH, 220cc",null,"Buc",4,125.5,1.88,502,2]
["2023-08-23","ATLAS DIGITAL SA","EL094154295","JP","GR","EXW",1,1.1000000000000001,3,null,"32151900","ROLAND EUV5 INK WH 220cc",null,"Buc",4,230.46,1.88,921.84,2,{"$f":"303*0.5","v":151.5}]
["2023-08-23","ATLAS DIGITAL SA","EL094154295","JP","GR","EXW",1,1.1000000000000001,3,null,"34029090","ROLAND TR2 CLEANING LIQUID_2 500cc",null,"Buc",4,225.45,2.84,901.8,2,{"$f":"303*0.05","v":15.15}]
["2023-08-07","ATLAS DIGITAL SA","EL094154295","JP","GR","EXW",1,1.1000000000000001,3,null,"84439990","ROLAND FRAME,PINCH ROLL SG-540",null,"Buc",2,20.88,0,41.77,2]
["2023-08-07","ATLAS DIGITAL SA","EL094154295","JP","GR","EXW",1,1.1000000000000001,3,null,"84439990","ROLAND ASSY,DAMPER DOUBLE CIR 3 CG2075",null,"Buc",8,215.36,0,1722.86,2]
["2023-08-07","ATLAS DIGITAL SA","EL094154295","JP","GR","EXW",1,1.1000000000000001,3,null,"84439990","ROLAND DAMPER,INK VS-640_1",null,"Buc",8,277.36,0,2218.84,2]
["2023-08-07","ATLAS DIGITAL SA","EL094154295","JP","GR","EXW",1,1.1000000000000001,3,null,"84439990","ROLAND GUIDE,CABLE FLEX-CUT XR-640",null,"Buc",4,14.01,0,56.02,2]
["2023-08-07","ATLAS DIGITAL SA","EL094154295","JP","GR","EXW",1,1.1000000000000001,3,null,"84439990","ROLAND WIPER,HEAD FELT VS-640",null,"Buc",6,45.68,0,274.08999999999997,2]
["2023-08-07","ATLAS DIGITAL SA","EL094154295","JP","GR","EXW",1,1.1000000000000001,3,null,"84439990","ROLAND CUTTING BLADE ZEC-U5022 55°/0.25, 2pcs",null,"Buc",6,166.41,0,998.48,2]
["2023-08-23","ATLAS DIGITAL SA","EL094154295","JP","GR","EXW",1,1.1000000000000001,3,null,"84439990","ROLAND ASSY,HEAD INKJET VS-640",null,"Buc",2,7289.55,0,14579.1,2]
["2023-08-23","ATLAS DIGITAL SA","EL094154295","JP","GR","EXW",1,1.1000000000000001,3,null,"84439990","ROLAND ASSY,HEAD INKJET SV LEF2-300",null,"Buc",3,2570.13,0,7710.39,2]
["2023-08-23","ATLAS DIGITAL SA","EL094154295","JP","GR","EXW",1,1.1000000000000001,3,null,"84439990","ROLAND ASSY,HEAD INKJET SOL XC-540 SV2",null,"Buc",4,2259.5100000000002,0,9038.0400000000009,2]
["2023-08-23","ATLAS DIGITAL SA","EL094154295","JP","GR","EXW",1,1.1000000000000001,3,null,"84439990","ROLAND DAMPER,INK VS-640_1",null,"Buc",4,276.8,0,1107.21,2]
["2023-08-23","ATLAS DIGITAL SA","EL094154295","JP","GR","EXW",1,1.1000000000000001,3,null,"84439990","ROLAND ASSY,SCAN MOTOR RE-640_01",null,"Buc",2,1204.9100000000001,0,2409.81,2]
["2023-08-23","ATLAS DIGITAL SA","EL094154295","JP","GR","EXW",1,1.1000000000000001,3,null,"84439990","ROLAND ASSY,SCAN MOTOR VP-540",null,"Buc",1,1058.3599999999999,0,1058.3599999999999,2]
["2023-08-23","ATLAS DIGITAL SA","EL094154295","JP","GR","EXW",1,1.1000000000000001,3,null,"84439990","ROLAND XD-CH3",null,"Buc",4,240.48,0,961.92,2]
["2023-08-23","ATLAS DIGITAL SA","EL094154295","JP","GR","EXW",1,1.1000000000000001,3,null,"84439990","ROLAND CABLE-CARD,15P1 1900L BB SP-300",null,"Buc",1,87.93,0,87.93,2]
["2023-08-23","ATLAS DIGITAL SA","EL094154295","JP","GR","EXW",1,1.1000000000000001,3,null,"84439990","ROLAND CABLE-CARD,15P1 2570L BB",null,"Buc",2,87.93,0,175.85,2]
["2023-08-23","ATLAS DIGITAL SA","EL094154295","JP","GR","EXW",1,1.1000000000000001,3,null,"84439990","ROLAND WIPER,HEAD VS-640/XR-640",null,"Buc",20,78.16,0,1563.12,2]
["2023-08-23","ATLAS DIGITAL SA","EL094154295","JP","GR","EXW",1,1.1000000000000001,3,null,"84439990","ROLAND ASSY,CAP-TOP VS-640_01",null,"Buc",10,227.96,0,2279.5500000000002,2]
["2023-08-23","ATLAS DIGITAL SA","EL094154295","JP","GR","EXW",1,1.1000000000000001,3,null,"84439990","ROLAND WIPER,HEAD FELT VS-640",null,"Buc",12,45.59,0,547.09,2]
["2023-08-23","ATLAS DIGITAL SA","EL094154295","JP","GR","EXW",1,1.1000000000000001,3,null,"84439990","ROLAND ASSY,PULLEY DRIVE GS-24",null,"Buc",4,97.7,0,390.78,2]
["2023-08-23","ATLAS DIGITAL SA","EL094154295","JP","GR","EXW",1,1.1000000000000001,3,null,"84439990","ROLAND CUTTING BLADE ZEC-U5022 55°/0.25, 2pcs",null,"Buc",2,166.08,0,332.16,2]
["2023-08-23","ATLAS DIGITAL SA","EL094154295","JP","GR","EXW",1,1.1000000000000001,3,null,"84439990","ROLAND NUT SET,SQUARE M6*11*3 3C 50PCS",null,"Buc",1,32.57,0,32.57,2]
["2023-08-23","ATLAS DIGITAL SA","EL094154295","JP","GR","EXW",1,1.1000000000000001,3,null,"84439990","ROLAND ASSY,PRESS PUMP SUB SV3 CG2125",null,"Buc",6,299.60000000000002,25,1797.59,2,{"$f":"303*0.35","v":106.05}]
["2023-08-09","BMG MEDIA SOURCE","DE288855581","JP","DE","EXW",1,1.1000000000000001,3,null,"84439990","ROLAND PAD,CUTTER VP-540/SP-540i",null,"Buc",10,60.74,0,607.41999999999996,2]
["2023-08-09","BMG MEDIA SOURCE","DE288855581","JP","DE","EXW",1,1.1000000000000001,3,null,"84439990","ROLAND PAD,CUTTER GX-24",null,"Buc",10,38.65,0,386.54,2]
["2023-08-09","BMG MEDIA SOURCE","DE288855581","JP","DE","EXW",1,1.1000000000000001,3,null,"84439990","ROLAND WIPER,HEAD FELT VS-640",null,"Buc",2,36.14,3,72.290000000000006,2,{"$f":"17.53*5","v":87.65}]
["2023-08-07","BROTHER INT INDUSTRIEMASCHINEN GMBH","DE814895445","JP","DE","EXW",1,1.1000000000000001,3,null,"29094100","BROTHER GTX PRE-TREATMENT 20Kg (17,5 Lt)",null,"Buc",4,2104.38,48,8417.5400000000009,2]
["2023-08-31","BROTHER INT INDUSTRIEMASCHINEN GMBH","DE814895445","JP","DE","EXW",1,1.1000000000000001,3,null,"29094100","BROTHER GTX PRE-TREATMENT 20Kg (17,5 Lt)",null,"Buc",6,2100.19,72,12601.15,2,{"$f":"3178.54*0.1","v":317.85400000000004}]
["2023-08-10","BROTHER INT INDUSTRIEMASCHINEN GMBH","DE814895445","JP","DE","EXW",1,1.1000000000000001,3,null,"32151100","BROTHER GT-3 INK BLACK 380cc",null,"Buc",2,621.98,2.1,1243.96,2]
["2023-08-31","BROTHER INT INDUSTRIEMASCHINEN GMBH","DE814895445","JP","DE","EXW",1,1.1000000000000001,3,null,"32151100","BROTHER GTX INK 1.8L BLACK",null,"Buc",2,1375.25,4.2,2750.49,2,{"$f":"3178.54*0.1","v":317.85400000000004}]
["2023-08-07","BROTHER INT INDUSTRIEMASCHINEN GMBH","DE814895445","JP","DE","EXW",1,1.1000000000000001,3,null,"32151900","BROTHER GT-3 INK WHITE 380cc (2 pcs)",null,"Buc",5,1044.1600000000001,11.75,5220.8,2]
["2023-08-07","BROTHER INT INDUSTRIEMASCHINEN GMBH","DE814895445","JP","DE","EXW",1,1.1000000000000001,3,null,"32151900","BROTHER GTX INK YELLOW 700cc",null,"Buc",12,734.43,16.2,8813.11,2]
["2023-08-31","BROTHER INT INDUSTRIEMASCHINEN GMBH","DE814895445","JP","DE","EXW",1,1.1000000000000001,3,null,"32151900","BROTHER GTX INK WHITE 700cc (2 pcs)",null,"Buc",30,1227.05,87,36811.480000000003,2]
["2023-08-31","BROTHER INT INDUSTRIEMASCHINEN GMBH","DE814895445","JP","DE","EXW",1,1.1000000000000001,3,null,"32151900","BROTHER GT-3 INK WHITE 380cc (2 pcs)",null,"Buc",5,1042.08,11.75,5210.3999999999996,2]
["2023-08-31","BROTHER INT INDUSTRIEMASCHINEN GMBH","DE814895445","JP","DE","EXW",1,1.1000000000000001,3,null,"32151900","BROTHER GTX INK 18L WHITE (GTX BULK)",null,"Buc",1,8582.1299999999992,{"$f":"1.05*18","v":18.900000000000002},8582.1299999999992,2]
["2023-08-31","BROTHER INT INDUSTRIEMASCHINEN GMBH","DE814895445","JP","DE","EXW",1,1.1000000000000001,3,null,"32151900","BROTHER GTX INK CYAN 700cc",null,"Buc",12,732.96,12.6,8795.56,2,{"$f":"3178.54*0.2","v":635.70800000000008}]
["2023-08-07","BROTHER INT INDUSTRIEMASCHINEN GMBH","DE814895445","JP","DE","EXW",1,1.1000000000000001,3,null,"34029090","BROTHER FULL MAINTENANCE KIT (GT3)",null,"Set",6,216.86,6,1301.18,2]
["2023-08-31","BROTHER INT INDUSTRIEMASCHINEN GMBH","DE814895445","JP","DE","EXW",1,1.1000000000000001,3,null,"34029090","BROTHER GTX GCX-4E05 CLEANING SOL. 5L",null,"Buc",4,533.57000000000005,16.399999999999999,2134.2600000000002,2]
["2023-08-31","BROTHER INT INDUSTRIEMASCHINEN GMBH","DE814895445","JP","DE","EXW",1,1.1000000000000001,3,null,"34029090","BROTHER FULL MAINTENANCE KIT (GTX)",null,"Buc",3,189.38,0,568.13,2,{"$f":"3178.54*0.1","v":317.85400000000004}]
["2023-08-28","BROTHER INT INDUSTRIEMASCHINEN GMBH","DE814895445","JP","DE","EXW",1,1.1000000000000001,3,null,"84433900","BROTHER GTX-423 PRO GARMENT PRINTER",null,"Buc",1,59038.239999999998,92.5,59038.239999999998,2,{"$f":"3178.54*0.4","v":1271.4160000000002}]
["2023-08-07","BROTHER INT INDUSTRIEMASCHINEN GMBH","DE814895445","JP","DE","EXW",1,1.1000000000000001,3,null,"84439990","BROTHER FFC: CARRIAGE POWER (GT3)",null,"Buc",2,89.26,0,178.51,2]
["2023-08-07","BROTHER INT INDUSTRIEMASCHINEN GMBH","DE814895445","JP","DE","EXW",1,1.1000000000000001,3,null,"84439990","BROTHER WIPER HOLDER SUPPLY ASSY (GTX/PRO)",null,"Buc",3,185.04,0,555.11,2]
["2023-08-07","BROTHER INT INDUSTRIEMASCHINEN GMBH","DE814895445","JP","DE","EXW",1,1.1000000000000001,3,null,"84439990","BROTHER FFC: CARRIAGE SIGNAL (GT3)",null,"Buc",1,110.19,0,110.19,2]
["2023-08-07","BROTHER INT INDUSTRIEMASCHINEN GMBH","DE814895445","JP","DE","EXW",1,1.1000000000000001,3,null,"84439990","BROTHER CARRIAGE PCB ASSY (GTX)",null,"Buc",1,351.05,0,351.05,2]
["2023-08-09","BROTHER INT INDUSTRIEMASCHINEN GMBH","DE814895445","JP","DE","EXW",1,1.1000000000000001,3,null,"84439990","BROTHER MAIN SUPPLY PCB (GTX)",null,"Buc",1,1910.91,0,1910.91,2]
["2023-08-28","BROTHER INT INDUSTRIEMASCHINEN GMBH","DE814895445","JP","DE","EXW",1,1.1000000000000001,3,null,"84439990","BROTHER STAND, GTX -50.0156.40 VKF",null,"Buc",1,4819.22,0,4819.22,2]
["2023-08-31","BROTHER INT INDUSTRIEMASCHINEN GMBH","DE814895445","JP","DE","EXW",1,1.1000000000000001,3,null,"84439990","BROTHER FILTER FELT KIT (GT3)",null,"Set",2,96.19,17,192.38,2,{"$f":"3178.54*0.1","v":317.85400000000004}]
["2023-08-29","ISOCARBO SRL","IT01487730135","IT","IT","EXW",1,1.1000000000000001,3,null,"32151100","ISONIK ST-E44 EVO ISO BK (1 KG)",null,"Buc",6,125.25,{"$f":"6*0.3","v":1.7999999999999998},751.5,2,{"$f":"669.5*0.1","v":66.95}]
["2023-08-11","ISOCARBO SRL","IT01487730135","IT","IT","EXW",1,1.1000000000000001,3,null,"32151900","ISONIK ST-E44 EVO CY (1 KG)",null,"Buc",12,125.5,{"$f":"0.6*12","v":7.1999999999999993},1506,2]
["2023-08-11","ISOCARBO SRL","IT01487730135","IT","IT","EXW",1,1.1000000000000001,3,null,"32151900","ISONIK ST-E44 EVO MG (1 KG)",null,"Buc",9,125.5,{"$f":"0.45*9","v":4.05},1129.5,2]
["2023-08-11","ISOCARBO SRL","IT01487730135","IT","IT","EXW",1,1.1000000000000001,3,null,"32151900","ISONIK ST-E44 EVO YE (1 KG)",null,"Buc",9,125.5,{"$f":"0.45*9","v":4.05},1129.5,2]
["2023-08-29","ISOCARBO SRL","IT01487730135","IT","IT","EXW",1,1.1000000000000001,3,null,"32151900","ISONIK ST-E44 EVO CY (1 KG)",null,"Buc",2,125.25,{"$f":"0.1*2","v":0.2},250.5,2]
["2023-08-29","ISOCARBO SRL","IT01487730135","IT","IT","EXW",1,1.1000000000000001,3,null,"32151900","ISONIK ST-E44 EVO MG (1 KG)",null,"Buc",2,125.25,{"$f":"0.1*2","v":0.2},250.5,2]
["2023-08-29","ISOCARBO SRL","IT01487730135","IT","IT","EXW",1,1.1000000000000001,3,null,"32151900","ISONIK ST-E44 EVO YE (1 KG)",null,"Buc",2,125.25,{"$f":"0.1*2","v":0.2},250.5,2,{"$f":"669.5*0.9","v":602.55000000000007}]
["2023-08-31","STAHLS EUROPE GMBH","DE137872290","DE","DE","EXW",1,1.1000000000000001,3,null,"84519000","ST SP, DISPLAY-BOARD XF IQ GEN2",null,"Buc",1,1499.24,2,1499.24,2,100]
["2023-08-03","THOMANN GMBH","DE257375233","DE","DE","EXW",1,1.1000000000000001,3,null,"92099400","OBIECT DE INVENTAR/IMOBILIZARI",null,"Buc",1,2226.4699999999998,0,2226.4699999999998,2]
["2023-08-03","THOMANN GMBH","DE257375233","DE","DE","EXW",1,1.1000000000000001,3,null,"92099400","OBIECT DE INVENTAR/IMOBILIZARI",null,"Buc",1,2226.4699999999998,13,2226.4699999999998,2,0]
["2023-08-02","VALIANI S.R.L.","IT05277940481","IT","IT","EXW",1,1.1000000000000001,3,null,"84439990","VALIANI BEVELCUT TOOL - GREEN HEAD 40",null,"Buc",1,4200,0,4200,2]
["2023-08-02","VALIANI S.R.L.","IT05277940481","IT","IT","EXW",1,1.1000000000000001,3,null,"84439990","VALIANI BLADE TANGENTIAL STEEL L100 SET (100 PCS)",null,"Buc",1,311.5,11,311.5,2,250]
["2023-08-11","WALTER SCHULZE GMBH","DE136596684","DE","DE","EXW",1,1.1000000000000001,3,null,"84439990","SCH CAP PRESS 8x16 cm",null,"Buc",1,560.99,0,560.99,2]
["2023-08-11","WALTER SCHULZE GMBH","DE136596684","DE","DE","EXW",1,1.1000000000000001,3,null,"84439990","SCH SLEEVE PLATEN, 10 x 45 cm",null,"Buc",1,3971.82,7,3971.82,2,147.65]

{"sheet":"Sheet","index":1,"n_rows":0,"n_cols":0,"rows_kept":0,"cut":false,"hidden":false,"merged":[]}